Miera bezpečnosti voči únavovému lomu pri náhodnom zaťažovaní

Enregistré dans:
Détails bibliographiques
Auteur principal: Schäfer, Erwin-Miroslav (Auteur)
Autres auteurs: Chmelko, Vladimír (Directeur de thèse)
Format: Manuscrit Livre
Langue:slovaque
Publié: 2018
Sujets:
Accès en ligne:http://is.stuba.sk/zp/portal_zp.pl?podrobnosti=138254
Tags: Ajouter un tag
Pas de tags, Soyez le premier à ajouter un tag!

MARC

LEADER 00000ntm a22000003a 4500
001 stuzp70605
003 SK-STU
005 20180820162112.5
007 ta
008 150427s2015----xo-----f-mn---000-0-slo-d
040 |a STU  |b slo 
041 0 |a slo 
100 1 |a Schäfer, Erwin-Miroslav  |u 020010  |4 aut  |U SjF Strojnícka fakulta  |T SjF Ústav aplikovanej mechaniky a mechatroniky  |X 65747  |U J0010  |Y 801  |7 65747 
242 0 1 |a Safety margin against the fatigue fracture under random loading  |y eng 
245 1 0 |a Miera bezpečnosti voči únavovému lomu pri náhodnom zaťažovaní 
260 |c 2018 
650 4 |a únavový lom  |2 slo 
650 4 |a náhodné zaťažovanie  |2 slo 
650 4 |a miera bezpečnosti  |2 slo 
650 4 |a safety margin  |2 eng 
650 4 |a fatigue fracture  |2 eng 
650 4 |a random loading  |2 eng 
700 1 |a Chmelko, Vladimír  |u 020010  |k Z1  |4 ths  |U SjF Strojnícka fakulta  |T SjF Ústav aplikovanej mechaniky a mechatroniky  |X 2396  |U J0010  |Y 801  |7 A000002396 
856 4 |u http://is.stuba.sk/zp/portal_zp.pl?podrobnosti=138254